Modern mathematics : (Record no. 180223)

000 -LEADER
fixed length control field 01114 a2200217 4500
003 - CONTROL NUMBER IDENTIFIER
control field Nust
005 - DATE AND TIME OF LATEST TRANSACTION
control field 20230704125511.0
010 ## - LIBRARY OF CONGRESS CONTROL NUMBER
LC control number 72086159
020 ## - INTERNATIONAL STANDARD BOOK NUMBER
International Standard Book Number 0818500700
040 ## - CATALOGING SOURCE
Transcribing agency Nust
082 00 - DEWEY DECIMAL CLASSIFICATION NUMBER
Classification number 510,WHE
100 1# - MAIN ENTRY--PERSONAL NAME
Personal name Wheeler, Ruric E.,
9 (RLIN) 113301
245 10 - TITLE STATEMENT
Title Modern mathematics :
Remainder of title an elementary approach /
Statement of responsibility, etc. Ruric E. Wheeler.
250 ## - EDITION STATEMENT
Edition statement 3rd ed.
260 ## - PUBLICATION, DISTRIBUTION, ETC.
Place of publication, distribution, etc. Monterey, Calif.,
Name of publisher, distributor, etc. Brooks/Cole Pub. Co.
Date of publication, distribution, etc. [1973]
300 ## - PHYSICAL DESCRIPTION
Extent 668 p.
Other physical details illus.
Dimensions 25 cm.
490 0# - SERIES STATEMENT
Series statement Contemporary undergraduate mathematics series
505 ## - FORMATTED CONTENTS NOTE
Formatted contents note Logic and an Introduction to Mathematical Reasoning (Page-1), Sets and Relations (Page-39), The System of Whole Numbers (Page-79), Numeration Systems (Page-121), The System of Integers (Page-203), Fractions and Rational Numbers (Page-241), Decimals and Real Numbers (Page-295), Informal Nonmetric Geometry (Page-333), Informal Metric Geometry (Page-367), Concepts of Probability (Page-461), Introduction to Statistics (Page-461), Mathematical Systems (Page-513), Algebra and Geometry (Page-541), Bibliography (Page-585).
650 #0 - SUBJECT ADDED ENTRY--TOPICAL TERM
Topical term or geographic name entry element Mathematics.
942 ## - ADDED ENTRY ELEMENTS (KOHA)
Source of classification or shelving scheme
Koha item type Book Bank
Holdings
Withdrawn status Lost status Source of classification or shelving scheme Damaged status Not for loan Permanent Location Current Location Shelving location Date acquired Full call number Barcode Date last seen Price effective from Koha item type Public note
          Military College of Signals (MCS) Military College of Signals (MCS) General Stacks 12/12/2016 510,WHE MCS7322 12/08/2016 12/12/2016 Book Almirah No.82, Shelf No.2
          Military College of Signals (MCS) Military College of Signals (MCS) General Stacks 12/12/2016 510,WHE MCS7711 12/08/2016 12/12/2016 Book Almirah No.82, Shelf No.2
© 2023 Central Library, National University of Sciences and Technology. All Rights Reserved.